| 000 | 00841nam a22002657a 4500 | ||
|---|---|---|---|
| 999 |
_c11216 _d11216 |
||
| 003 | AR-CdUCM | ||
| 008 | 190403b ||||| |||| 00| 0 spa d | ||
| 040 |
_aMUNICIPALIDAD PROVINCIAL DEL CUSCO _cBIBLIOTECA MUNICIPAL DEL CUSCO |
||
| 082 |
_aC / 869.56 / _bP73 |
||
| 110 |
_aGrupo Tradicional del Perú. _928458 |
||
| 245 | _aPoesía cusqueña actual / | ||
| 260 |
_aCusco : _bEl Comercio, _c1952. |
||
| 300 |
_a28 páginas ; _bcaricaturas, _c21 cm. |
||
| 440 |
_aCuaderno. _n1 _928459 |
||
| 505 | _aContenido: Poesías. | ||
| 650 |
_aLiteratura Peruana _9132 |
||
| 650 |
_aSiglo XX _98 |
||
| 650 |
_aCusco _9772 |
||
| 650 |
_aPoesía _948015 |
||
| 700 |
_aMorote Best, Efrain (pórtico) _928460 |
||
| 700 |
_aCastro Loayza, Arturo _914832 |
||
| 700 |
_aPerez Ocampo, Gustavo (editores) _928461 |
||
| 942 |
_2ddc _cLIBROS |
||
| 945 | _aachl | ||